Data structures : a pseudocode approach with C++ (Record no. 194411)

MARC details
000 -LEADER
fixed length control field 00453nam a2200157Ia 4500
005 - DATE AND TIME OF LATEST TRANSACTION
control field 20250304110232.0
008 - FIXED-LENGTH DATA ELEMENTS--GENERAL INFORMATION
fixed length control field 231217s9999 xx 000 0 und d
020 ## - INTERNATIONAL STANDARD BOOK NUMBER
International Standard Book Number 9788131504925
082 ## - DEWEY DECIMAL CLASSIFICATION NUMBER
Classification number 001.64 GIL;26
100 ## - MAIN ENTRY--PERSONAL NAME
Personal name Gilberg, Richard F. Forouzan, Behrouz A.
245 #0 - TITLE STATEMENT
Title Data structures : a pseudocode approach with C++
260 ## - PUBLICATION, DISTRIBUTION, ETC. (IMPRINT)
Date of publication, distribution, etc. 2001
Name of publisher, distributor, etc. Cengage Learning
Place of publication, distribution, etc. New Delhi
300 ## - PHYSICAL DESCRIPTION
Extent 705
650 ## - SUBJECT ADDED ENTRY--TOPICAL TERM
Topical term or geographic name as entry element structures,pseudocode,C++
942 ## - ADDED ENTRY ELEMENTS (KOHA)
Koha item type Books
Holdings
Date last seen Total Checkouts Full call number Accession number Old discount Cost, replacement price Price effective from Category Lost status Damaged status Department Withdrawn status bill no. bill date Permanent Location Current Location Shelving location Entry date Vendor Cost, normal purchase price Grants Currency symbol Conversion rate Discount Discount type
26/01/2024   001.64 GIL;26 84120 29 312.40 26/01/2024 Books     MCA   71711 18/01/2019 Central Library Central Library MCA 08/02/2013 Book Paradise 440.00 MCA RS 1 127.6 Rupees

© For any Suggestions or Query, please contact the library staff @ librarian@pes.edu or Phone: +9180 2672 1983/ 2108.